| 000 | 00800nam a22002417a 4500 | ||
|---|---|---|---|
| 999 |
_c16864 _d16864 |
||
| 003 | AR-CdUCM | ||
| 008 | 190225b ||||| |||| 00| 0 spa d | ||
| 040 |
_aMUNICIPALIDAD PROVINCIAL DEL CUSCO _cBIBLIOTECA MUNICIPAL DEL CUSCO |
||
| 041 | _hfre | ||
| 082 |
_a802.82 / _bSA26 _26ed. |
||
| 100 |
_aSartre, Jean Paul _9911 |
||
| 245 | _aTeatro / | ||
| 260 |
_aBuenos Aires : _bLosada, _c1962. |
||
| 300 |
_a313 páginas ; _c21 cm. |
||
| 440 |
_aGran teatro del mundo ; _917284 |
||
| 505 | _aContenido: Las moscas a puerta cerrada -- muertos sin sepulturas -- La mujerzuela respetuosa -- Las manos sucias. | ||
| 650 |
_aLiteratura _983 |
||
| 650 |
_aSiglo XX. _98 |
||
| 650 |
_aTeatro _9173 |
||
| 700 |
_aBernárdez, Aurora (traductora) _92446 |
||
| 942 |
_2ddc _cLIBROS |
||
| 945 |
_aacv _d2019-05-06 |
||